[Event "SVK-ch U16"]
[Site "Liptovsky Mikulas"]
[Date "2007.04.27"]
[Round "9"]
[White "Povalac, Stefan"]
[Black "Hybl, Jakub"]
[Result "1/2-1/2"]
[WhiteElo "1630"]
[BlackElo "1350"]
[PlyCount "74"]
[EventDate "2007.04.22"]
[EventType "swiss"]
[EventRounds "9"]
[EventCountry "SVK"]
[SourceTitle "EXT 2008"]
[Source "ChessBase"]
[SourceDate "2007.11.25"]
[SourceVersion "1"]
[SourceVersionDate "2007.11.25"]
[SourceQuality "1"]

1. d4 d5 2. e3 Nc6 3. c4 e6 4. Nc3 Bb4 5. Bd2 Nf6 6. a3 Bxc3 7. Bxc3 Ne4 8. Nf3 0-0 9. c5 Bd7 10. Qc2 Nxc3 11. Qxc3 Qf6 12. b4 Rfe8 13. b5 Ne7 14. Ne5 Rad8 15. Qa5 Ng6 16. Qxc7 Nxe5 17. Qxe5 Qxe5 18. dxe5 Rc8 19. Rc1 Rc7 20. Kd2 Rec8 21. Bd3 Rxc5 22. Rxc5 Rxc5 23. Rc1 Rxc1 24. Kxc1 h6 25. Kb2 Kf8 26. Kc3 b6 27. Kd4 g6 28. g4 Kg7 29. f4 h5 30. f5 Kh6 31. f6 hxg4 32. a4 Kg5 33. e4 Kf4 34. exd5 exd5 35. Kxd5 Be6+ 36. Kd6 Kg5 37. Bc2 Bc4 1/2-1/2

[Event "SVK-ch U16"]
[Site "Liptovsky Mikulas"]
[Date "2007.04.23"]
[Round "2"]
[White "Baksa, Milan"]
[Black "Povalac, Stefan"]
[Result "0-1"]
[WhiteElo "1487"]
[BlackElo "1630"]
[PlyCount "74"]
[EventDate "2007.04.22"]
[EventType "swiss"]
[EventRounds "9"]
[EventCountry "SVK"]
[SourceTitle "EXT 2008"]
[Source "ChessBase"]
[SourceDate "2007.11.25"]
[SourceVersion "1"]
[SourceVersionDate "2007.11.25"]
[SourceQuality "1"]

1. e4 e5 2. Nf3 Nc6 3. Bc4 Nd4 4. Nxe5 Qg5 5. Bxf7+ Ke7 6. 0-0 Qxe5 7. Bc4 b5 8. Bd5 c6 9. f4 Qc7 10. Bb3 Nxb3 11. axb3 d6 12. d4 Nf6 13. Nc3 b4 14. Nb1 Nxe4 15. Re1 d5 16. Nd2 Bf5 17. g4 Bd7 18. Nxe4 dxe4 19. Rxe4+ Kd8 20. Qe2 c5 21. c3 bxc3 22. bxc3 cxd4 23. cxd4 Qc3 24. Qb2 Qf3 25. Re3 Qxg4+ 26. Rg3 Qd1+ 27. Kf2 Be7 28. Rxg7 Bh4+ 29. Kg2 Re8 30. Be3 Bc6+ 31. Kh3 Rxe3+ 32. Kxh4 Qf3 33. Rg8+ Be8 34. Rg4 Qh3+ 35. Kg5 Qh5+ 36. Kf6 Qxg4 37. Qc2 Re6# 0-1

[Event "SVK-ch U16"]
[Site "Liptovsky Mikulas"]
[Date "2007.04.22"]
[Round "1"]
[White "Povalac, Stefan"]
[Black "Madar, Martin"]
[Result "0-1"]
[WhiteElo "1630"]
[BlackElo "2055"]
[PlyCount "80"]
[EventDate "2007.04.22"]
[EventType "swiss"]
[EventRounds "9"]
[EventCountry "SVK"]
[SourceTitle "EXT 2008"]
[Source "ChessBase"]
[SourceDate "2007.11.25"]
[SourceVersion "1"]
[SourceVersionDate "2007.11.25"]
[SourceQuality "1"]

1. d4 Nf6 2. c4 g6 3. e3 Bg7 4. Nc3 0-0 5. Nf3 d6 6. h3 Nbd7 7. Bd3 e5 8. d5 Nc5 9. e4 a5 10. a4 Nfd7 11. 0-0 f5 12. Nd2 Nxd3 13. Nb5 N7c5 14. Nb3 Nxb3 15. Qxb3 Nxc1 16. Raxc1 b6 17. f3 Bh6 18. Rc2 Rf7 19. g3 Qg5 20. Kg2 fxe4 21. h4 Qe3 22. Rc3 exf3+ 23. Kh1 Qe2 24. Rcxf3 Bh3 25. R1f2 Rxf3 26. Qxf3 Qxf3+ 27. Rxf3 Bf5 28. Rf2 Rf8 29. Kh2 Rf7 30. g4 Bxg4 31. Rxf7 Kxf7 32. Nxc7 Bf4+ 33. Kg2 e4 34. h5 e3 35. hxg6+ hxg6 36. Nb5 e2 37. Nxd6+ Bxd6 38. c5 Bxc5 39. d6 e1Q 40. d7 Qg1# 0-1

[Event "SVK-ch U14"]
[Site "Liptovsky Mikulas"]
[Date "2005.04.15"]
[Round "7"]
[White "Lesundak, Marek"]
[Black "Povalac, Stefan"]
[Result "1/2-1/2"]
[WhiteElo "1350"]
[BlackElo "1413"]
[PlyCount "103"]
[EventDate "2005.04.11"]
[EventType "swiss"]
[EventRounds "9"]
[EventCountry "SVK"]
[SourceTitle "EXT 2008"]
[Source "ChessBase"]
[SourceDate "2007.11.25"]
[SourceVersion "1"]
[SourceVersionDate "2007.11.25"]
[SourceQuality "1"]

1. e4 e5 2. Nf3 Nc6 3. Bc4 Bc5 4. d3 Nf6 5. Bg5 h6 6. Bh4 g5 7. Bg3 d6 8. h3 Be6 9. Bxe6 fxe6 10. Nc3 Qd7 11. Qd2 0-0-0 12. 0-0-0 Nd4 13. Nxd4 Bxd4 14. Ne2 Qc6 15. Nxd4 exd4 16. f3 e5 17. a3 Qa6 18. Qb4 c5 19. Qc4 Qxc4 20. dxc4 Nh5 21. Bh2 Nf4 22. Bxf4 gxf4 23. Kb1 Rhg8 24. Rh2 Rg3 25. Rd2 h5 26. Ka2 Kc7 27. Rd3 Rdg8 28. Rd2 Kc6 29. b4 cxb4 30. axb4 b5 31. Kb3 bxc4+ 32. Kxc4 Rb8 33. c3 dxc3 34. Kxc3 Rg7 35. Rh1 Rc7 36. Ra1 Kd7+ 37. Kb3 Rcb7 38. Ra4 a5 39. Rxa5 Rxb4+ 40. Ka2 R4b5 41. Rxb5 Rxb5 42. Rd5 Rc5 43. Kb3 Kc6 44. Rd2 d5 45. exd5+ Rxd5 46. Rxd5 Kxd5 47. Kc3 e4 48. fxe4+ Kxe4 49. Kd2 h4 50. Ke2 Ke5 51. Kf3 Kf5 52. Kf2 1/2-1/2